[Event "Klaipeda Sea op-A 10th"]
[Site "Klaipeda"]
[Date "2013.07.23"]
[Round "2"]
[White "Eigminas, Kipras"]
[Black "Blokhina, Elvira"]
[Result "1-0"]
[WhiteElo "1721"]
[BlackElo "1944"]
[PlyCount "145"]
[EventDate "2013.07.22"]
[EventType "swiss"]
[EventRounds "7"]
[EventCountry "LTU"]
[SourceTitle "CBM 155 Extra"]
[Source "ChessBase"]
[SourceDate "2013.08.26"]
[SourceVersion "1"]
[SourceVersionDate "2013.08.26"]
[SourceQuality "1"]

1. e4 c5 2. c3 d5 3. exd5 Qxd5 4. d4 Nc6 5. dxc5 Qxc5 6. Be3 Qa5 7. Nf3 Nf6 8. Na3 e6 9. Nc4 Qc7 10. Be2 Be7 11. 0-0 0-0 12. Bg5 Rd8 13. Qc2 b5 14. Ne3 a6 15. Rac1 Bb7 16. Bd3 h6 17. Bh4 Ne5 18. Nxe5 Qxe5 19. Bg3 Qc5 20. Rfe1 Nh5 21. Be4 Bxe4 22. Qxe4 Nxg3 23. hxg3 Bg5 24. Rc2 Rac8 25. Rce2 Rd7 26. Nc2 Bf6 27. Ne3 h5 28. Nf1 Rcd8 29. Nh2 g5 30. g4 h4 31. Nf3 Rd5 32. Rc2 Kg7 33. c4 Rd3 34. Rf1 a5 35. b3 a4 36. bxa4 bxa4 37. Qb7 Qa3 38. c5 R8d7 39. Qe4 Rc7 40. c6 Rc3 41. Rd1 R7xc6 42. Rcd2 R3c4 43. Nd4 R6c5 44. Nxe6+ Kh6 45. Nd4 Bxd4 46. Rxd4 Rxd4 47. Qxd4 Qc3 48. Qxa4 h3 49. Rd6+ f6 50. gxh3 Qe5 51. Qd4 Rc1+ 52. Kg2 Qxd4 53. Rxd4 Ra1 54. Ra4 Kg6 55. Ra6 Kg7 56. a4 Ra3 57. a5 Kg6 58. Ra8 Kg7 59. a6 Kh7 60. f3 Kg7 61. a7 Kh7 62. Kg3 Kg7 63. h4 gxh4+ 64. Kxh4 Ra1 65. f4 Ra3 66. g5 fxg5+ 67. Kxg5 Ra1 68. f5 Ra5 69. Kf4 Ra4+ 70. Ke3 Ra3+ 71. Kd4 Ra1 72. f6+ Kf7 73. Rh8 1-0

[Event "Plateliai op 23rd"]
[Site "Plateliai"]
[Date "2013.07.19"]
[Round "7"]
[White "Blokhina, Elvira"]
[Black "Khudovekov, Nikolay"]
[Result "1-0"]
[WhiteElo "1944"]
[BlackElo "1769"]
[PlyCount "79"]
[EventDate "2013.07.15"]
[EventType "swiss"]
[EventRounds "9"]
[EventCountry "LTU"]
[SourceTitle "EXT 2014"]
[Source "ChessBase"]
[SourceDate "2013.11.20"]
[SourceVersion "1"]
[SourceVersionDate "2013.11.20"]
[SourceQuality "1"]

1. d4 f5 2. g4 fxg4 3. h3 g3 4. fxg3 d6 5. Nc3 Nf6 6. e4 Nc6 7. Bg5 g6 8. Bg2 h6 9. Be3 Bg7 10. Nge2 e5 11. dxe5 Nxe5 12. Nf4 Qe7 13. Qe2 b6 14. Bd4 Qf7 15. Bxe5 dxe5 16. Qb5+ Nd7 17. Qc6 0-0 18. Qxa8 exf4 19. Qd5 fxg3 20. Rf1 Qxd5 21. Nxd5 Rxf1+ 22. Kxf1 Ba6+ 23. Ke1 Bxb2 24. Rb1 Be5 25. Bf1 Bxf1 26. Kxf1 Kf7 27. Kg2 Nc5 28. Kf3 Ke6 29. Ne3 h5 30. h4 Na4 31. Rg1 Kf6 32. Nd5+ Ke6 33. Nf4+ Kf6 34. Rxg3 Bxf4 35. Kxf4 c5 36. e5+ Kg7 37. Rd3 b5 38. Rd7+ Kf8 39. Rxa7 Nc3 40. Kg5 1-0

[Event "Plateliai op 23rd"]
[Site "Plateliai"]
[Date "2013.07.16"]
[Round "3"]
[White "Vicas, Marijus"]
[Black "Blokhina, Elvira"]
[Result "1-0"]
[WhiteElo "2055"]
[BlackElo "1944"]
[PlyCount "85"]
[EventDate "2013.07.15"]
[EventType "swiss"]
[EventRounds "9"]
[EventCountry "LTU"]
[SourceTitle "EXT 2014"]
[Source "ChessBase"]
[SourceDate "2013.11.20"]
[SourceVersion "1"]
[SourceVersionDate "2013.11.20"]
[SourceQuality "1"]

1. e4 c5 2. Nc3 e6 3. f4 d5 4. Nf3 dxe4 5. Nxe4 Nf6 6. Ng3 Bd6 7. Bb5+ Bd7 8. Bxd7+ Nbxd7 9. d3 Qc7 10. Ne2 Nd5 11. g3 N7f6 12. Nc3 0-0 13. 0-0 a6 14. Ne4 Be7 15. Qe2 Rfd8 16. Ne5 h6 17. b3 b5 18. Bb2 Qb7 19. Rfe1 Rac8 20. Ng4 c4 21. dxc4 bxc4 22. Bd4 Ne8 23. Rad1 f5 24. Nxh6+ gxh6 25. Qh5 Bf8 26. Ng5 Nxf4 27. gxf4 Rxd4 28. Qg6+ Qg7 29. Qxe6+ Kh8 30. Qxc8 Nd6 31. Qa8 hxg5 32. Kh1 Rxd1 33. Rxd1 Ne4 34. Rd8 Kg8 35. Qd5+ Qf7 36. fxg5 Qxd5 37. Rxd5 cxb3 38. cxb3 f4 39. Kg2 Nc3 40. Ra5 Be7 41. Rxa6 Kg7 42. Ra7 Kf8 43. g6 1-0

[Event "Panevezys op 25th"]
[Site "Panevezys"]
[Date "2012.08.19"]
[Round "9"]
[White "Blokhina, Elvira"]
[Black "Jurkunas, Nerijus"]
[Result "0-1"]
[WhiteElo "1964"]
[BlackElo "1916"]
[PlyCount "80"]
[EventDate "2012.08.13"]
[EventType "swiss"]
[EventRounds "9"]
[EventCountry "LTU"]
[SourceTitle "CBM 149 Extra"]
[Source "ChessBase"]
[SourceDate "2012.08.24"]
[SourceVersion "1"]
[SourceVersionDate "2012.08.24"]
[SourceQuality "1"]

1. d4 Nf6 2. c4 c5 3. d5 b5 4. cxb5 a6 5. Nc3 d6 6. Nf3 Nbd7 7. e4 g6 8. h3 Bg7 9. bxa6 Bxa6 10. Bxa6 Rxa6 11. 0-0 0-0 12. Be3 Qb6 13. Qd2 Rb8 14. Rab1 Qb4 15. Rfe1 Nh5 16. Bg5 e6 17. dxe6 fxe6 18. Be7 Ne5 19. Nxe5 Bxe5 20. Bg5 Rab6 21. g4 Nf6 22. Kg2 Qc4 23. Qc2 Kf7 24. Bd2 Bd4 25. b3 Qa6 26. Ne2 Rc6 27. Bg5 Be5 28. Rbc1 Rbc8 29. Be3 Nd7 30. Qd2 Ra8 31. Nc3 c4 32. Bd4 Bxd4 33. Qxd4 Ne5 34. bxc4 Rxc4 35. Qe3 Qc6 36. Rc2 Ra3 37. Rec1 Kg7 38. Qd2 Rxe4 39. Kf1 Rc4 40. Qe2 Qh1# 0-1

[Event "Panevezys op 25th"]
[Site "Panevezys"]
[Date "2012.08.17"]
[Round "7"]
[White "Vicas, Marijus"]
[Black "Blokhina, Elvira"]
[Result "0-1"]
[WhiteElo "1997"]
[BlackElo "1964"]
[PlyCount "110"]
[EventDate "2012.08.13"]
[EventType "swiss"]
[EventRounds "9"]
[EventCountry "LTU"]
[SourceTitle "CBM 149 Extra"]
[Source "ChessBase"]
[SourceDate "2012.08.24"]
[SourceVersion "1"]
[SourceVersionDate "2012.08.24"]
[SourceQuality "1"]

1. Nf3 d5 2. g3 Bg4 3. Bg2 e6 4. 0-0 Nf6 5. d3 Bd6 6. Nbd2 c6 7. e4 Nbd7 8. c3 0-0 9. Re1 Qc7 10. Qe2 dxe4 11. Nxe4 Nxe4 12. Qxe4 Bf5 13. Qe2 Bg4 14. d4 Rfe8 15. Be3 e5 16. Qc2 e4 17. Nd2 f5 18. Nc4 Bf8 19. Bf4 Qd8 20. Qb3 Kh8 21. Qxb7 Re6 22. Ne5 Nxe5 23. Bxe5 c5 24. Qf7 Re7 25. Qc4 Rc8 26. Qf1 Rf7 27. f3 Bh5 28. Re3 Qb6 29. Qf2 Be7 30. h4 Rcf8 31. Qd2 cxd4 32. Bxd4 Qc7 33. f4 Rd8 34. Bf1 Bc5 35. Be2 Bxe2 36. Rxe2 Rfd7 37. Rc1 Qb7 38. Qe3 Bxd4 39. cxd4 Rxd4 40. Rc3 h6 41. Rec2 Qa6 42. Qe2 Rd3 43. Kh2 Rxc3 44. bxc3 Qd6 45. c4 Qc5 46. h5 Rb8 47. Qf2 e3 48. Qf3 Re8 49. Kh3 Re4 50. a3 Qxa3 51. c5 Qa4 52. Qe2 Qxc2 53. Qxc2 e2 54. g4 e1Q 55. gxf5 Re3+ 0-1

[Event "Panevezys op 25th"]
[Site "Panevezys"]
[Date "2012.08.13"]
[Round "1"]
[White "Andrusaitis, Antanas"]
[Black "Blokhina, Elvira"]
[Result "0-1"]
[WhiteElo "1590"]
[BlackElo "1964"]
[PlyCount "98"]
[EventDate "2012.08.13"]
[EventType "swiss"]
[EventRounds "9"]
[EventCountry "LTU"]
[SourceTitle "CBM 149 Extra"]
[Source "ChessBase"]
[SourceDate "2012.08.24"]
[SourceVersion "1"]
[SourceVersionDate "2012.08.24"]
[SourceQuality "1"]

1. e4 c5 2. Nf3 d6 3. h3 Nf6 4. d3 Nc6 5. a3 e6 6. Be2 Be7 7. 0-0 0-0 8. Nbd2 Qc7 9. Nc4 d5 10. exd5 exd5 11. Ne3 d4 12. Nc4 Nd5 13. Nh2 Be6 14. Bg4 f5 15. Bf3 Bf7 16. Re1 Bh4 17. Bh5 Bxf2+ 18. Kxf2 Qxh2 19. Bxf7+ Rxf7 20. Qf3 Rd7 21. Qg3 Qxg3+ 22. Kxg3 Rf8 23. Bd2 f4+ 24. Kf3 Ne3 25. Rac1 b5 26. Na5 Ne5+ 27. Kf2 Rf6 28. Nb3 Rg6 29. Rg1 Rc7 30. Bxe3 fxe3+ 31. Ke2 Nd7 32. Rcf1 Rcc6 33. Rf5 Rgf6 34. Rgf1 Rfd6 35. R1f4 g6 36. Rf7 Rf6 37. R4xf6 Nxf6 38. Rxa7 Nd5 39. Rb7 Nf4+ 40. Kf3 Re6 41. Nxc5 e2 42. Nxe6 e1Q 43. Nxf4 Qe3+ 44. Kg4 h5+ 45. Kg5 Qg3+ 46. Kf6 Qxf4+ 47. Kxg6 Qg3+ 48. Kxh5 Qe5+ 49. Kg6 Qe6+ 0-1

[Event "Kostroma Volga Cup op"]
[Site "Kostroma"]
[Date "2010.07.??"]
[Round "7"]
[White "Blokhina, Elvira"]
[Black "Ponikarovsky, Alexey"]
[Result "1-0"]
[WhiteElo "1982"]
[BlackElo "2297"]
[PlyCount "59"]
[EventDate "2010.07.??"]
[EventType "swiss"]
[EventRounds "9"]
[EventCountry "RUS"]
[SourceTitle "EXT 2011"]
[Source "ChessBase"]
[SourceDate "2010.11.26"]
[SourceVersion "1"]
[SourceVersionDate "2010.11.26"]
[SourceQuality "1"]

1. d4 d5 2. c4 e6 3. Nc3 c5 4. cxd5 cxd4 5. Qxd4 Nc6 6. Qd1 exd5 7. e3 Nf6 8. Nf3 Bd6 9. Bd3 0-0 10. 0-0 Bg4 11. Be2 a6 12. b3 Bc7 13. Bb2 Qd6 14. g3 Rad8 15. Rc1 Rfe8 16. Re1 h5 17. Nh4 Bb6 18. Bxg4 Nxg4 19. Na4 Ba5 20. Re2 g6 21. Nc5 Re7 22. Rec2 Nge5 23. Nf3 Bb6 24. Nxe5 Nxe5 25. Kg2 f6 26. Ba3 Kf7 27. Nxb7 Qxa3 28. Nxd8+ Bxd8 29. Qxd5+ Ke8 30. Qg8+ 1-0

[Event "Kostroma Volga Cup op"]
[Site "Kostroma"]
[Date "2010.07.??"]
[Round "6"]
[White "Kamov, Igor"]
[Black "Blokhina, Elvira"]
[Result "1-0"]
[WhiteElo "2172"]
[BlackElo "1982"]
[PlyCount "67"]
[EventDate "2010.07.??"]
[EventType "swiss"]
[EventRounds "9"]
[EventCountry "RUS"]
[SourceTitle "EXT 2011"]
[Source "ChessBase"]
[SourceDate "2010.11.26"]
[SourceVersion "1"]
[SourceVersionDate "2010.11.26"]
[SourceQuality "1"]

1. d4 d5 2. c4 e6 3. Nc3 Nf6 4. cxd5 exd5 5. Bg5 Be7 6. e3 0-0 7. Bd3 c6 8. Qc2 Nbd7 9. Nge2 Re8 10. 0-0 Ne4 11. Bf4 Nef6 12. Nb5 Rf8 13. Bc7 Qe8 14. Nd6 Bxd6 15. Bxd6 Ne4 16. Bxf8 Nxf8 17. Nc3 f5 18. b4 Bd7 19. a4 Ng6 20. Rfe1 Nh4 21. Bf1 Qg6 22. Kh1 Rf8 23. f3 Ng5 24. Qf2 Qh6 25. f4 Ne4 26. Nxe4 fxe4 27. b5 g5 28. fxg5 Qh5 29. Qg3 Nf5 30. Qc7 Rf7 31. Qxb7 cxb5 32. Qxd5 bxa4 33. Bc4 a6 34. Qxd7 1-0

[Event "Kostroma Volga Cup op"]
[Site "Kostroma"]
[Date "2010.07.??"]
[Round "4"]
[White "Kolesnikov, Lev"]
[Black "Blokhina, Elvira"]
[Result "0-1"]
[WhiteElo "1749"]
[BlackElo "1982"]
[PlyCount "42"]
[EventDate "2010.07.??"]
[EventType "swiss"]
[EventRounds "9"]
[EventCountry "RUS"]
[SourceTitle "EXT 2011"]
[Source "ChessBase"]
[SourceDate "2010.11.26"]
[SourceVersion "1"]
[SourceVersionDate "2010.11.26"]
[SourceQuality "1"]

1. Nf3 d5 2. e3 Nf6 3. c4 e6 4. Nc3 c5 5. d4 cxd4 6. exd4 Nc6 7. Bg5 Be7 8. cxd5 Nxd5 9. Bxe7 Ncxe7 10. Qb3 0-0 11. 0-0-0 a6 12. h4 b5 13. Bd3 Bb7 14. Be4 f5 15. Bxd5 Nxd5 16. Kb1 Nxc3+ 17. Qxc3 Rc8 18. Qe3 Bd5 19. h5 h6 20. Nh4 b4 21. Rc1 Qa5 0-1

[Event "Kostroma Volga Cup op"]
[Site "Kostroma"]
[Date "2009.07.??"]
[Round "3"]
[White "Cherepanov, Vladislav"]
[Black "Blokhina, Elvira"]
[Result "1-0"]
[WhiteElo "2217"]
[BlackElo "1998"]
[PlyCount "77"]
[EventDate "2009.07.03"]
[EventType "swiss"]
[EventRounds "9"]
[EventCountry "RUS"]
[SourceTitle "EXT 2021"]
[Source "ChessBase"]
[SourceDate "2020.10.23"]
[SourceVersion "1"]
[SourceVersionDate "2020.10.23"]
[SourceQuality "1"]

1. d4 d5 2. Nf3 Nf6 3. c4 e6 4. Nc3 Be7 5. Bg5 0-0 6. e3 c6 7. Qc2 Nbd7 8. 0-0-0 b6 9. Kb1 Bb7 10. cxd5 Nxd5 11. Nxd5 Bxg5 12. h4 Bh6 13. Nc3 Qe7 14. Bd3 g6 15. h5 Bg7 16. hxg6 hxg6 17. Rh3 c5 18. Rdh1 f5 19. Qb3 Bxf3 20. gxf3 cxd4 21. exd4 Bxd4 22. Ne2 Bg7 23. Bc4 Nc5 24. Qe3 b5 25. Bxb5 Rab8 26. Nc3 Rfc8 27. Bc4 Ne4 28. fxe4 Rxc4 29. Qd2 Rcb4 30. b3 Rxb3+ 31. axb3 Rxb3+ 32. Kc2 Ra3 33. Rb1 Bxc3 34. Rxc3 Ra2+ 35. Rb2 Rxb2+ 36. Kxb2 Qb4+ 37. Kc1 Qxe4 38. Qd8+ Kg7 39. Qe7+ 1-0

[Event "Moscow op (Women)"]
[Site "Moscow"]
[Date "2009.02.08"]
[Round "9"]
[White "Blokhina, Elvira"]
[Black "Kushka, Alena"]
[Result "0-1"]
[WhiteElo "1996"]
[BlackElo "2124"]
[PlyCount "100"]
[EventDate "2009.01.31"]
[EventType "swiss"]
[EventRounds "9"]
[EventCountry "RUS"]
[SourceTitle "EXT 2012"]
[Source "ChessBase"]
[SourceDate "2011.11.24"]
[SourceVersion "1"]
[SourceVersionDate "2011.11.24"]
[SourceQuality "1"]

1. d4 Nf6 2. c4 c5 3. d5 d6 4. Nc3 g6 5. e4 Bg7 6. Nf3 0-0 7. Bd3 e6 8. 0-0 exd5 9. exd5 Bg4 10. h3 Bxf3 11. Qxf3 Nbd7 12. Qg3 Ne5 13. Be2 a6 14. a4 b6 15. Bg5 Qc7 16. h4 Ned7 17. h5 Rfe8 18. hxg6 hxg6 19. Qh4 Nh7 20. Be3 Re5 21. Qg3 Rae8 22. Rae1 g5 23. Bd3 f5 24. Bd2 Ndf6 25. Rxe5 Rxe5 26. Bxg5 Nh5 27. Qh4 Nxg5 28. Qxg5 f4 29. Qg6 Nf6 30. Bf5 Qe7 31. Qg5 f3 32. Qf4 fxg2 33. Kxg2 Nh5 34. Qf3 Qg5+ 35. Bg4 Nf4+ 36. Kg1 Qh4 37. Qxf4 Rg5 38. f3 Bd4+ 39. Kg2 Be5 40. Qxg5+ Qxg5 41. Ne4 Qf4 42. Rh1 Qe3 43. Be6+ Kg7 44. Rg1 Bd4 45. Rb1 Qe2+ 46. Kg3 Be5+ 47. Kh4 Qh2+ 48. Bh3 Kg6 49. f4 Qxf4+ 50. Bg4 Qxe4 0-1

[Event "Kostroma Volga Cup op"]
[Site "Kostroma"]
[Date "2008.07.??"]
[Round "9"]
[White "Blokhina, Elvira"]
[Black "Zhuravlev, A."]
[Result "1-0"]
[WhiteElo "1962"]
[BlackElo "2118"]
[PlyCount "69"]
[EventDate "2008.07.??"]
[EventType "swiss"]
[EventRounds "9"]
[EventCountry "RUS"]
[SourceTitle "EXT 2009"]
[Source "ChessBase"]
[SourceDate "2008.11.26"]
[SourceVersion "1"]
[SourceVersionDate "2008.11.26"]
[SourceQuality "1"]

1. d4 d5 2. c4 e6 3. Nc3 c6 4. e4 dxe4 5. Nxe4 Nf6 6. Nxf6+ Qxf6 7. Nf3 Bb4+ 8. Bd2 Bxd2+ 9. Qxd2 0-0 10. Bd3 Nd7 11. 0-0 e5 12. dxe5 Nxe5 13. Nxe5 Qxe5 14. Rfe1 Qf6 15. Qc2 g6 16. Re2 Bg4 17. f3 Be6 18. Rae1 Rad8 19. Re5 Rd7 20. Bf1 Rfd8 21. Qa4 a6 22. c5 Rd4 23. Qa5 Kg7 24. a3 R8d5 25. Rxd5 Rxd5 26. Qb4 a5 27. Qxa5 Qd4+ 28. Kh1 Qxb2 29. Qb4 Qf2 30. Rc1 Rd2 31. Qc3+ f6 32. Qa5 Rd7 33. Qe1 Qxe1 34. Rxe1 Kf7 35. Kg1 1-0

[Event "Kostroma Volga Cup op"]
[Site "Kostroma"]
[Date "2008.07.??"]
[Round "7"]
[White "Blokhina, Elvira"]
[Black "Zimenko, Boris"]
[Result "0-1"]
[WhiteElo "1962"]
[BlackElo "2054"]
[PlyCount "52"]
[EventDate "2008.07.??"]
[EventType "swiss"]
[EventRounds "9"]
[EventCountry "RUS"]
[SourceTitle "EXT 2009"]
[Source "ChessBase"]
[SourceDate "2008.11.26"]
[SourceVersion "1"]
[SourceVersionDate "2008.11.26"]
[SourceQuality "1"]

1. d4 Nf6 2. c4 d6 3. Nc3 g6 4. e4 Bg7 5. Nf3 0-0 6. Be2 Nbd7 7. 0-0 e5 8. d5 Nc5 9. Nd2 a5 10. b3 Bd7 11. a3 Ne8 12. f3 f5 13. g4 Qh4 14. Kg2 Bh6 15. gxf5 gxf5 16. Kh1 Kh8 17. Rg1 Nf6 18. exf5 Bxf5 19. Nf1 Bf4 20. Bxf4 exf4 21. b4 Rg8 22. Rxg8+ Rxg8 23. Nd2 Nh5 24. Nde4 Bxe4 25. fxe4 Ng3+ 26. Kg2 Ngxe4+ 0-1

[Event "Kostroma Volga Cup op"]
[Site "Kostroma"]
[Date "2008.07.??"]
[Round "8"]
[White "Gargolin, Pavel"]
[Black "Blokhina, Elvira"]
[Result "1/2-1/2"]
[WhiteElo "2111"]
[BlackElo "1962"]
[PlyCount "88"]
[EventDate "2008.07.??"]
[EventType "swiss"]
[EventRounds "9"]
[EventCountry "RUS"]
[SourceTitle "EXT 2009"]
[Source "ChessBase"]
[SourceDate "2008.11.26"]
[SourceVersion "1"]
[SourceVersionDate "2008.11.26"]
[SourceQuality "1"]

1. e4 c5 2. c3 d5 3. exd5 Qxd5 4. d4 Nc6 5. Nf3 Bg4 6. Be2 cxd4 7. cxd4 e6 8. Nc3 Qa5 9. 0-0 Nf6 10. h3 Bh5 11. Be3 Be7 12. Qb3 Qb4 13. Qxb4 Nxb4 14. Bb5+ Nc6 15. Ne5 Rc8 16. g4 Bg6 17. f4 0-0 18. Bxc6 bxc6 19. d5 c5 20. Nc6 Rfe8 21. Nxa7 Rb8 22. Nc6 Rxb2 23. Nxe7+ Rxe7 24. Bxc5 Rd7 25. d6 Ne4 26. Rab1 Rxb1 27. Rxb1 f6 28. Nxe4 Bxe4 29. Rb8+ Kf7 30. a4 e5 31. fxe5 fxe5 32. a5 Bb7 33. Bb6 Ke6 34. Bc7 Ba6 35. Rb6 Bd3 36. a6 Rf7 37. a7 Rf1+ 38. Kh2 Ra1 39. Bb8 Be4 40. Rb5 Bc6 41. Rxe5+ Kf6 42. Rf5+ Ke6 43. Rc5 Bd7 44. Rc2 g6 1/2-1/2

[Event "Kostroma Volga Cup op"]
[Site "Kostroma"]
[Date "2008.07.??"]
[Round "4"]
[White "Gladisheva, Tatjana"]
[Black "Blokhina, Elvira"]
[Result "1/2-1/2"]
[WhiteElo "2235"]
[BlackElo "1962"]
[PlyCount "121"]
[EventDate "2008.07.??"]
[EventType "swiss"]
[EventRounds "9"]
[EventCountry "RUS"]
[SourceTitle "EXT 2009"]
[Source "ChessBase"]
[SourceDate "2008.11.26"]
[SourceVersion "1"]
[SourceVersionDate "2008.11.26"]
[SourceQuality "1"]

1. e4 c5 2. c3 d5 3. exd5 Qxd5 4. d4 Nc6 5. Nf3 Bg4 6. Nbd2 cxd4 7. cxd4 e6 8. Bc4 Bxf3 9. Qxf3 Qxf3 10. Nxf3 Bb4+ 11. Ke2 Nf6 12. Bg5 0-0 13. Bxf6 gxf6 14. Rhd1 Rfd8 15. a3 Bf8 16. d5 exd5 17. Bxd5 Rd6 18. Ba2 Rad8 19. Rxd6 Rxd6 20. Rc1 Rd7 21. Rc3 Bh6 22. Bb3 Ne5 23. Ba4 Re7 24. Kf1 Nxf3 25. Rxf3 Bg7 26. Rd3 Bf8 27. g3 Rc7 28. Kg2 Kg7 29. f4 Re7 30. Kf3 Re6 31. h4 Re7 32. b4 Re6 33. h5 h6 34. Rd7 Re7 35. Rd8 b6 36. Bd7 Kg8 37. Bf5 Kg7 38. Be4 Rc7 39. Rd3 a5 40. b5 Bc5 41. Bc6 Re7 42. a4 Re6 43. Bd5 Re7 44. Rc3 Bd4 45. Rd3 Bc5 46. Bc4 Bb4 47. Kg4 Bc5 48. Kf5 Rc7 49. Bb3 Bb4 50. Rd8 Bc5 51. Bd5 Re7 52. Rc8 Bd4 53. Rc6 Rd7 54. Ke4 Bf2 55. g4 Re7+ 56. Kf5 Bd4 57. Rd6 Be3 58. Bb3 Rb7 59. Ke4 Bc5 60. Rc6 Re7+ 61. Kf5 1/2-1/2

[Event "Moscow op-C 04th (Women)"]
[Site "Moscow"]
[Date "2008.02.07"]
[Round "6"]
[White "Zarivkina, Victorya"]
[Black "Blokhina, Elvira"]
[Result "0-1"]
[WhiteElo "2056"]
[BlackElo "1947"]
[PlyCount "56"]
[EventDate "2008.02.02"]
[EventType "swiss"]
[EventRounds "9"]
[EventCountry "RUS"]
[SourceTitle "CBM 122 Extra"]
[Source "ChessBase"]
[SourceDate "2008.03.04"]
[SourceVersion "1"]
[SourceVersionDate "2008.03.04"]
[SourceQuality "1"]

1. e4 c5 2. Nc3 Nc6 3. g3 g6 4. Bg2 Bg7 5. Nge2 d6 6. h3 e6 7. d3 Nge7 8. 0-0 0-0 9. Be3 e5 10. f4 f5 11. Qd2 Nd4 12. fxe5 dxe5 13. Bg5 Qc7 14. Nd5 Nxd5 15. exd5 Qd6 16. c4 h6 17. Nxd4 hxg5 18. Nb5 Qd8 19. a3 a6 20. Nc3 Bf6 21. Na4 b6 22. Nc3 Qd6 23. Rab1 Bd7 24. Ne2 Kg7 25. b4 Rab8 26. Qc3 f4 27. bxc5 bxc5 28. Qd2 fxg3 0-1

[Event "Moscow op-C 04th (Women)"]
[Site "Moscow"]
[Date "2008.02.03"]
[Round "2"]
[White "Strutinskaya, Galina N"]
[Black "Blokhina, Elvira"]
[Result "1/2-1/2"]
[WhiteElo "2309"]
[BlackElo "1947"]
[PlyCount "57"]
[EventDate "2008.02.02"]
[EventType "swiss"]
[EventRounds "9"]
[EventCountry "RUS"]
[SourceTitle "CBM 122 Extra"]
[Source "ChessBase"]
[SourceDate "2008.03.04"]
[SourceVersion "1"]
[SourceVersionDate "2008.03.04"]
[SourceQuality "1"]

1. d4 Nf6 2. c4 e5 3. dxe5 Ng4 4. Bf4 Nc6 5. Nf3 Bb4+ 6. Nbd2 Qe7 7. a3 Ncxe5 8. Nxe5 Nxe5 9. e3 Bxd2+ 10. Qxd2 d6 11. Be2 0-0 12. 0-0 Ng6 13. Bg3 Be6 14. Rac1 Rad8 15. Qa5 a6 16. Rfd1 c6 17. Qb4 d5 18. c5 Qd7 19. Qb6 Ne7 20. Rd4 Nc8 21. Qa5 Rde8 22. Rb4 Re7 23. Qa4 f6 24. h4 g6 25. Rd1 Qe8 26. Rdd4 Kh8 27. Qb3 Rff7 28. Qc3 Kg8 29. Bb8 1/2-1/2

[Event "Voronezh op-B 11th"]
[Site "Voronezh"]
[Date "2007.06.13"]
[Round "2"]
[White "Blokhina, Elvira"]
[Black "Demikhov, Vladislav"]
[Result "0-1"]
[WhiteElo "1932"]
[BlackElo "2148"]
[PlyCount "58"]
[EventDate "2007.06.12"]
[EventType "swiss"]
[EventRounds "9"]
[EventCountry "RUS"]
[SourceTitle "EXT 2010"]
[Source "ChessBase"]
[SourceDate "2010.11.25"]
[SourceVersion "1"]
[SourceVersionDate "2010.11.25"]
[SourceQuality "1"]

1. d4 d6 2. c4 g6 3. Nc3 Bg7 4. e4 Nf6 5. Nf3 0-0 6. Be2 Qe8 7. 0-0 e5 8. d5 a5 9. b3 Na6 10. a3 Nh5 11. Be3 Nf4 12. Ne1 Nxe2+ 13. Qxe2 f5 14. f3 Bd7 15. Rb1 b6 16. Nd3 Nc5 17. Nxc5 bxc5 18. b4 axb4 19. axb4 Ra3 20. Nb5 Bxb5 21. cxb5 c4 22. b6 cxb6 23. Bxb6 fxe4 24. fxe4 Rxf1+ 25. Qxf1 Rb3 26. Rxb3 cxb3 27. Qc4 b2 28. Qb3 Qb5 29. Bf2 Qa4 0-1

[Event "Voronezh op-B"]
[Site "Voronezh"]
[Date "2006.06.12"]
[Round "1"]
[White "Blokhina, Elvira"]
[Black "Dudin, Denis"]
[Result "0-1"]
[WhiteElo "1880"]
[BlackElo "2221"]
[PlyCount "74"]
[EventDate "2006.06.12"]
[EventType "swiss"]
[EventRounds "9"]
[EventCountry "RUS"]
[SourceTitle "EXT 2007"]
[Source "ChessBase"]
[SourceDate "2006.11.23"]
[SourceVersion "1"]
[SourceVersionDate "2006.11.23"]
[SourceQuality "1"]

1. d4 Nf6 2. c4 e6 3. Nc3 Bb4 4. Qc2 d5 5. cxd5 exd5 6. Bg5 0-0 7. e3 h6 8. Bh4 Re8 9. Bd3 c5 10. Nge2 Nc6 11. 0-0 cxd4 12. Nxd4 Nxd4 13. exd4 Be6 14. Bb5 Rf8 15. Qe2 Rc8 16. Rac1 a6 17. Bd3 Re8 18. Qf3 Be7 19. h3 Qb6 20. Bxf6 Bxf6 21. Nxd5 Bxd5 22. Rxc8 Rxc8 23. Qxd5 Bxd4 24. Qf5 Rc6 25. b3 g6 26. Qe4 Rf6 27. Qe2 Qd6 28. a4 Kg7 29. Bc4 Qf4 30. Bd5 b6 31. Bc4 a5 32. Bd5 h5 33. Qf3 Qd6 34. Qe4 Rf4 35. Qd3 Qxd5 36. Kh1 Qe4 37. Qc4 Be5 0-1